000 00306nam a2200121Ia 4500
008 190802s9999 xx 000 0 und d
020 _a978-81-265-1115-0
100 _aAswath Damodaran
245 0 _aCorporate Finance Theory and Practice
260 _aIndia
_bWiley
_c2017
300 _a982:p
942 _cBK
999 _c2097
_d2097